Catálogo público

Manual de explotación y reproducción en ovejas y borregos / (Record no. 169278)

MARC details
000 -CABECERA
campo de control de longitud fija 01339nam a2200361Ia 4500
001 - NÚMERO DE CONTROL
campo de control Z_6053
003 - IDENTIFICADOR DEL NÚMERO DE CONTROL
campo de control CHAP
008 - DATOS DE LONGITUD FIJA--INFORMACIÓN GENERAL
campo de control de longitud fija 220113s2008 xx 000 0 und d
010 ## - NÚMERO DE CONTROL DE LA BIBLIOTECA DEL CONGRESO
Número de control de LC 169278
020 ## - NÚMERO INTERNACIONAL ESTÁNDAR DEL LIBRO
Número Internacional Estándar del Libro 978-958-8203-39-3 \ 978-958-96086-7-8 (obra completa)
040 ## - FUENTE DE LA CATALOGACIÓN
Centro/agencia transcriptor CHAP
082 ## - NÚMERO DE LA CLASIFICACIÓN DECIMAL DEWEY
Número de clasificación 636.308 M36
245 ## - MENCIÓN DE TÍTULO
Título Manual de explotación y reproducción en ovejas y borregos /
Mención de responsabilidad, etc. editor Felipe Durán Ramírez; colaboradores Hugo Armando Hernández Gómez; ilustración Eduardo Duran Naranjo; fotografía María Helena Delgado Gómez...[et. al.]
260 ## - PUBLICACIÓN, DISTRIBUCIÓN, ETC.
Lugar de publicación, distribución, etc. Colombia :
Nombre del editor, distribuidor, etc. Grupo Latino Editores,
Fecha de publicación, distribución, etc. 2008
300 ## - DESCRIPCIÓN FÍSICA
Extensión 726 p.
440 ## - MENCIÓN DE SERIE/PUNTO DE ACCESO ADICIONAL--TÍTULO
Título Volvamos al campo
9 (RLIN) 124898
503 ## - NOTA DE HISTORIA BIBLIOGRÁFICA (BK CF MU) [OBSOLETO]
Nota de historia bibliográfica ej.1: 252957 \ ej.2: 262208
504 ## - NOTA DE BIBLIOGRAFÍA, ETC.
Nota de bibliografía, etc. Bibliografía: p. 726-742
650 ## - PUNTO DE ACCESO ADICIONAL DE MATERIA--TÉRMINO DE MATERIA
Término de materia o nombre geográfico como elemento de entrada Borregos, Cría
Subdivisión general Mejoramiento
-- Manuales
9 (RLIN) 143807
650 ## - PUNTO DE ACCESO ADICIONAL DE MATERIA--TÉRMINO DE MATERIA
Término de materia o nombre geográfico como elemento de entrada Borregos
Subdivisión general Reproducción
-- Manuales
9 (RLIN) 143808
650 ## - PUNTO DE ACCESO ADICIONAL DE MATERIA--TÉRMINO DE MATERIA
Término de materia o nombre geográfico como elemento de entrada Ovejas
Subdivisión general
-- Cría
-- Mejoramiento
-- Manuales
9 (RLIN) 143809
650 ## - PUNTO DE ACCESO ADICIONAL DE MATERIA--TÉRMINO DE MATERIA
Término de materia o nombre geográfico como elemento de entrada Ovejas
Subdivisión general
-- Reproduccion
-- Manuales
9 (RLIN) 143810
700 ## - PUNTO DE ACCESO ADICIONAL--NOMBRE DE PERSONA
Nombre de persona Delgado Gómez, María Helena, fot.
9 (RLIN) 143811
700 ## - PUNTO DE ACCESO ADICIONAL--NOMBRE DE PERSONA
Nombre de persona Duran Naranjo, Eduardo, il.
9 (RLIN) 143812
700 ## - PUNTO DE ACCESO ADICIONAL--NOMBRE DE PERSONA
Nombre de persona Hernández Gómez, Hugo Armando, colab.
9 (RLIN) 143813
700 ## - PUNTO DE ACCESO ADICIONAL--NOMBRE DE PERSONA
Nombre de persona Durán Ramírez, Felipe, ed.
901 ## - ELEMENTOS DE DATOS A LOCAL LDA (RLIN)
a 636.308 M36
902 ## - ELEMENTOS DE DATOS B LOCAL, LDB (RLIN)
a M
910 ## - DATOS DE OPCIÓN DEL USUARIO (OCLC)
Datos de opción del usuario 2008
942 ## - ELEMENTOS DE PUNTO DE ACCESO ADICIONAL (KOHA)
Tipo de ítem Koha Libro_
942 ## - ELEMENTOS DE PUNTO DE ACCESO ADICIONAL (KOHA)
Tipo de ítem Koha
Holdings
Estado de retiro Estado de pérdida Fuente del sistema de clasificación o colocación Estado dañado No para préstamo Código de colección Localización permanente Ubicación/localización actual Ubicación en estantería Fecha de adquisición Total de préstamos Código de barras Fecha visto por última vez Fecha del último préstamo Número de copia Precio válido a partir de Tipo de ítem Koha
    Dewey Decimal Classification     General Zootecnia Zootecnia   25/10/2011 5 z_1602 03/12/2024 03/12/2024 1 18/01/2022 Libro
    Dewey Decimal Classification     General Zootecnia Zootecnia   30/04/2013 11 z_6062 19/08/2025 19/08/2025 2 18/01/2022 Libro